| 000 | 00878nmm a2200265 a 4500 | ||
|---|---|---|---|
| 001 | ocm000642322 | ||
| 003 | TR-IsHL | ||
| 005 | 20201028142000.0 | ||
| 008 | 131226s2011 tu tur | ||
| 007 | cr cn | ||
| 020 | _a9789750174223 | ||
| 035 |
_a642322 _b(N$T) |
||
| 050 | 0 | 4 |
_aDR738.5.T89 _bO93 2011 |
| 090 | 0 | 4 |
_aDR738.5.T89 _bO93 2011 |
| 100 | 1 | _aÖzdemir, Mustafa | |
| 245 | 1 | 0 |
_aTuzla tarihi: Yeni taş (Neolitik) çağından 2011'e kadar _h[electronic resource] / _cMustafa Özdemir |
| 260 |
_aİstanbul : _bTuzla Belediyesi, _c2011 |
||
| 300 | _a592 p. | ||
| 650 | 4 | _aTarih | |
| 650 | 4 | _aHistory | |
| 650 | 0 |
_aNeolitik dönem _x Tuzla (Türkiye) |
|
| 650 | 0 |
_aNeolithic period _x Tuzla (Turkey) |
|
| 650 | 7 |
_aSOCIAL SCIENCE / Archaeology _2bisacsh |
|
| 856 | 4 | 0 | _uhttp://search.ebscohost.com/login.aspx?direct=true&scope=site&db=e011xww&AN=642322 |
| 999 |
_c8105 _d8105 |
||